00451 2200181 4500001002100000005001500021008004100036020002200077035001900099041000700118082001400125090001600139100002100155245002500176260003200201300001800233650001800251INLIS00000000000530020241224113056241224||||||||| | ||| |||| || |  a978-979-27-2745-6 0010-1224005300 aid0 a741:03:00 a741.3 RUM I0 aTAKAHASHI RUMIKO00aLUM THE INVADER GIRL bElex Media Komputindoc2008 a184 HLM,;17CM 0aILMU KESENIAN